|
|
|
|
| LEADER |
01804nam a2200337 a 4500 |
| 001 |
c000016595 |
| 003 |
CARM |
| 005 |
00000000000000.0 |
| 008 |
840613s1982 ne a b 10010 eng d |
| 019 |
1 |
|
|a 2741356
|z 4360577
|z 46614430
|5 LACONCORD2021
|
| 020 |
|
|
|a 9061912466 (set)
|
| 035 |
|
|
|a (OCoLC)10354433
|5 LACONCORD2021
|
| 040 |
|
|
|a VCITC
|c VCITC
|d NNCU
|
| 111 |
2 |
|
|a International Conference on Numerical Methods in Geomechanics
|n (4th :
|d 1982 :
|c Edmonton, Alta.)
|
| 245 |
1 |
0 |
|a Numerical methods in geomechanics Edmonton 1982 :
|b proceedings of the fourth International Conference on Numerical Methods in Geomechanics, Edmonton, Canada, May 31-June 4, 1982 /
|c edited by Z. Eisenstein.
|
| 260 |
|
|
|a Rotterdam :
|b A.A. Balkema,
|c 1982.
|
| 300 |
|
|
|a 3v. :
|b ill. ;
|c 24 cm.
|
| 500 |
|
|
|a Published on behalf of the International Committee for Numerical Methods in Geomechanics and of the Canadian Geotechnical Society.
|
| 504 |
|
|
|a Includes bibliographical references.
|
| 650 |
|
0 |
|a Engineering geology
|x Mathematics
|x Congresses.
|
| 700 |
1 |
|
|a Eisenstein, Z.
|
| 710 |
2 |
0 |
|a International Committee on Numerical Methods in Geomechanics.
|
| 710 |
2 |
0 |
|a Canadian Geotechnical Society.
|
| 852 |
8 |
|
|b CARM
|h A2:AK19D0
|i C03559
|p 0191889
|f BK
|
| 852 |
8 |
|
|b CARM
|h A2:AK19D0
|i C03559
|p 0191891
|f BK
|
| 852 |
8 |
|
|b CARM
|h A2:AK19D0
|i C03559
|p 0191892
|f BK
|
| 082 |
0 |
|
|a 624.151
|
| 999 |
f |
f |
|i bd25b31e-fbc4-56cc-8a5c-dd3135bf1196
|s 3aa53550-48f3-511e-a747-4a0193de18bb
|
| 952 |
f |
f |
|p Can circulate
|a CAVAL
|b CAVAL
|c CAVAL
|d CARM 1 Store
|e C03559
|f A2:AK19D0
|h Other scheme
|i book
|j v.1 held
|m 0191889
|
| 952 |
f |
f |
|p Can circulate
|a CAVAL
|b CAVAL
|c CAVAL
|d CARM 1 Store
|e C03559
|f A2:AK19D0
|h Other scheme
|i book
|j v.3 held
|m 0191892
|
| 952 |
f |
f |
|p Can circulate
|a CAVAL
|b CAVAL
|c CAVAL
|d CARM 1 Store
|e C03559
|f A2:AK19D0
|h Other scheme
|i book
|j v.2 held
|m 0191891
|